| 000 | 00759nam a2200205 a 4500 | ||
|---|---|---|---|
| 005 | 200902210153555.7 | ||
| 008 | 960221s1955 dcuabcdjdbkoqu001 0deng d | ||
| 080 |
_a502.174:712 _bFRA |
||
| 100 |
_aFrance, Robert L.,ed _eed.by _917582 |
||
| 245 | _aHandbook of regenerative landscape design | ||
| 300 | _a444p. | ||
| 490 | _aIntergrative studies in water management and land development | ||
| 653 |
_aLandscape design _aRestoration ecology _aEnvironmental restoration _aRestoration-degraded landscapes |
||
| 942 | _cBK | ||
| 260 |
_aBoca Ration _bCRC press _c2008 |
||
| 500 | _a | ||
| 020 | _a9780849391880 | ||
| 003 | ViArRB | ||
| 952 |
_w2010-06-16 _p00060888 _r2010-06-16 _40 _00 _bUL _10 _o502.174:712 FRA _d2010-06-16 _70 _cGEN _2udc _yBK _aUL |
||
| 999 |
_c54521 _d54520 |
||